Melanie Martinez - TUNNEL VISION Lyrics - Statistics

General Stats
  • This quiz has been taken 114 times
  • The average score is 250 of 334
Answer Stats
Answer % Correct
i
96%
the
96%
to
96%
tunnel
96%
you
96%
a
94%
in
94%
your
94%
follow
92%
it
90%
what
90%
all
88%
body
88%
drink
88%
from
88%
how
88%
into
88%
my
88%
portal
88%
be
87%
but
87%
can
87%
holy
87%
i'm
87%
lay
87%
make
87%
no
87%
panic
87%
them
87%
touch
87%
anybody
85%
rest
85%
satanic
85%
water
85%
yeah
85%
and
83%
bend
83%
can't
83%
fountain
83%
it's
83%
not
83%
that
83%
cherry
81%
just
81%
too
81%
watch
81%
as
79%
eye
79%
like
79%
look
79%
me
79%
then
79%
you're
79%
better
77%
burdens
77%
eyes
77%
more
77%
on
77%
put
77%
test
77%
than
77%
vision
77%
empty
75%
fast
75%
pie
75%
prize
75%
that's
75%
death's
73%
is
73%
focus
71%
fresh
71%
thirsty
71%
pussy
69%
they
69%
demise
67%
for
67%
meat
67%
rushing
67%
so
67%
never
65%
caught
63%
hold
63%
thighs
63%
always
62%
good
62%
open
62%
will
62%
at
60%
dead
60%
get
60%
hustle
60%
stop
60%
distract
58%
down
58%
find
58%
house
58%
searching
58%
thought
58%
view
58%
would
58%
playing
56%
regret
56%
acting
54%
don't
54%
they'll
54%
after
52%
haze
52%
hill
52%
honeysuckle
52%
hypnotized
52%
sleeve
50%
tumble
50%
die
48%
heart
48%
rather
48%
far
46%
show
46%
ain't
44%
know
44%
now
44%
obsession
44%
workin
44%
climbed
42%
i'd
42%
obvious
42%
trick
42%
crossing
40%
fall
40%
been
38%
tune
38%
needle
37%
out
37%
saw
37%
believe
35%
certain
35%
could've
35%
hum
33%
we'll
33%
oh
21%
No matching quizzes found
Score Distribution
Percent of People with Each Score
Percentile by Number Answered
Your Score History
You have not taken this quiz